The Time Machine (Record no. 11669)

MARC details
000 -LEADER
fixed length control field 00254nam a22000977a 4500
008 - FIXED-LENGTH DATA ELEMENTS--GENERAL INFORMATION
fixed length control field 191125b ||||| |||| 00| 0 eng d
020 ## - INTERNATIONAL STANDARD BOOK NUMBER
International Standard Book Number 9789380278575
100 ## - MAIN ENTRY--PERSONAL NAME
Personal name Wells,H.G.
9 (RLIN) 7371
245 ## - TITLE STATEMENT
Title The Time Machine
260 ## - PUBLICATION, DISTRIBUTION, ETC. (IMPRINT)
Place of publication, distribution, etc. New Delhi
Name of publisher, distributor, etc. Paper Clip Books
Date of publication, distribution, etc. 2019
Holdings
Withdrawn status Lost status Source of classification or shelving scheme Damaged status Koha normalized classification for sorting Not for loan Home library Current library Shelving location Date acquired Total Checkouts Full call number Barcode Checked out Date last seen Date last checked out Price effective from Koha item type
    Dewey Decimal Classification   823_000000000000000_N1   Good Samaritan School Library Good Samaritan School Library FICTION 11/25/2019 1 823 N-1 WEL15695 01/27/2023 01/20/2023 01/20/2023 11/25/2019 BOOK

Powered by Koha